000 01068cam a22003137a 4500
999 _c2386
_d2386
003 OSt
005 20210709055103.0
008 140428s2010 mnua 001 0 eng
020 _a9780763834814 (text, study partner CD, pocket guide)
020 _a9780763834777 (text)
020 _a0763834815 (text)
020 _a9780763834807 (pocket guide)
020 _a0763834807 (pocket guide)
040 _cUUA
042 _alccopycat
050 0 0 _aRM300
_b.B22 2010
100 1 _aBallington, Don A.
245 1 0 _aPharmacology for technicians :
_bunderstanding drugs and their uses /
_cDon A. Ballington, Mary M. Laughlin.
250 _a4th ed.
260 _aSt. Paul, MN :
_bParadigm,
_cc2010.
300 _axx, 652 p. :
_bcol. ill. ;
_c28 cm. +
_e1 CD-ROM (4 3/4 in.) + pocket guide.
500 _aIncludes index.
650 0 _aPharmacology.
650 0 _aPharmacy technicians.
700 1 _aLaughlin, Mary M.
906 _a7
_bcbc
_ccopycat
_d2
_encip
_f20
_gy-gencatlg
942 _2lcc
_cBK
_nSO